000 00571nmm a2200193Ia 4500
008 251105s9999||||xx |||||||||||||||||und||
020 _a9788490653272
041 _aspa
100 _aHauser, Frank
245 0 _aNotas de dirección :
_b 130 lecciones desde la silla del director
264 _a[Madrid, España] :
_bAlba Editorial,
_c2017
300 _a112 páginas
490 _aArtes escénicas
650 _aTheater / Drama
700 _aHauser, Frank
700 1 _a Berástegui, Manu
856 _uhttps://public.digitaliapublishing.com/a/48922
942 _cCF
999 _c66752
_d66752